000 01818nam a2200361 c 4500
001 57781
003 CO-BoRNBP
005 20250730154343.0
007 ta
008 121119s2000 ck a br 000 j spa d
020 _a9582400110
040 _aCO-BoRNBP
_bspa
_erda
_cCO-BoRNBP
041 1 _aspa
_hger
043 _ae-gx---
084 _aC
100 _aEnde, Michael
_d19291- 995
_eaut
_961598
245 0 0 _aTranquila Tragaleguas la tortuga cabezota /
_cpor Michael Ende ; dibujos Agustín Asensio ; traducción Ma.
250 _aPrimera edición.
_bOnceava reimpresión
264 1 _aBogotá, Colombia :
_bEditorial Santillana,
_c2005
300 _a42 páginas :
_bilustraciones a color
336 _atexto
_btxt
_2rdacontent
337 _asin mediación
_bn
_2rdamedia
338 _avolumen
_bnc
_2rdacarrier
520 _aResumen: Tranquila Tragaleguas oyó decir que Leo Vigésimo-Octavo, el Gran Sultán de todos los animales, iba a celebrar su boda, y que grandes y pequeños, viejos y jóvenes, gordos y delgados, mojados y secos estaban invitados. Entonces yo también iré, se dijo a sí misma, así que ¿por qué no voy a ir yo también a la fiesta más hermosa que jamás haya habido?. Después de pasarse el día entero y la noche siguiente dándole vueltas, su decisión estaba tomada. Apenas se levantó el sol, se puso en marcha, paso a paso, despacito sí, pero sin parar. -- Tomado a partes del libro
521 1 _aRecomendado para un público infantil mayor de 8 años
650 0 7 _aAnimales en la literatura
_2lemb
_9853
650 0 7 _aCuentos infantiles alemanes
_2lemb
650 0 7 _aLiteratura infantil alemana
_2lemb
650 0 7 _aTortugas en la literatura
_2lemb
_961599
700 _aAsensio, Agustí
_eill
_961600
700 _aLópez, Maria Teresa
_etrl
_961601
942 _2loc
_cBKLITI
999 _c57781
_d57781